000 00766nam a2200253Ia 4500
003 OSt
005 20220918173111.0
006 a|||||r|||| 00| 0
007 ta
008 220917b |||||||| |||| 00| 0 eng d
024 _a4,987
037 _cTextual
040 _aARTS
_cARTS
_beng
041 _2eng
_aeng
082 _aU11, K8
110 _aNational Reprographic Centre For Documentation
_944877
245 0 _aTechnical appraisal of the 70mm format for map reproduction
260 _aHertfordshire
_bHertfordshire Country Council Technical Library Service
_c1968
300 _a44p
_ccm.
650 _aGEOGRAPHY
700 _aNational Reprographic Centre For Documentation
_944878
942 _hU11, K8
_cTEXL
_2CC
999 _c147173
_d147173